000 00366nam a2200145Ia 4500
008 240624s9999 xx 000 0 und d
041 _aeng
082 _a657.3 PIP
100 _aPIPARA G C
245 _aBALANCE SHEET DECODED KEYS TO UNLOCK BAL
250 _a(2nd ed.)
260 _c2018
_aNew Delhi
_bTaxmann
300 _ai-32, 436 p.; 25 cm.
365 _cRS
_b30
999 _c31838
_d31838